[Event "Barcelona Sant Marti op-A 15th"]
[Site "Barcelona"]
[Date "2013.07.20"]
[Round "8"]
[White "Barragan Hernandez, Manel"]
[Black "Carlsen, Ellen Oen"]
[Result "0-1"]
[WhiteElo "1889"]
[BlackElo "1947"]
[PlyCount "96"]
[EventDate "2013.07.13"]
[EventType "swiss"]
[EventRounds "9"]
[EventCountry "ESP"]
[SourceTitle "CBM 155 Extra"]
[Source "ChessBase"]
[SourceDate "2013.08.26"]
[SourceVersion "1"]
[SourceVersionDate "2013.08.26"]
[SourceQuality "1"]

1. c4 g6 2. Nc3 Bg7 3. g3 c6 4. Bg2 f5 5. d4 Nf6 6. Nf3 0-0 7. 0-0 d6 8. b4 Ne4 9. Bb2 d5 10. Qb3 e6 11. e3 Nd7 12. c5 Ndf6 13. b5 Nxc3 14. Bxc3 Ne4 15. bxc6 bxc6 16. Qa3 Qe7 17. Nd2 e5 18. Nxe4 fxe4 19. Rab1 Bg4 20. Qa6 exd4 21. Bxd4 Bxd4 22. exd4 Qf6 23. Rb4 Rf7 24. h3 Bd7 25. Qe2 a5 26. Ra4 Bc8 27. Qd2 Kg7 28. f3 Ba6 29. Rf2 Re8 30. Qe3 Bb5 31. Rxa5 Qd8 32. Rxb5 cxb5 33. fxe4 Rxf2 34. Qxf2 dxe4 35. Qe3 b4 36. Bf1 Qd5 37. Bb5 Re7 38. Qd2 e3 39. Qb2 Rf7 40. Qxb4 Qxa2 41. Qe1 Qb3 42. Be2 Rf2 43. c6 Qd5 44. Bf1 Qxd4 45. c7 Qe5 46. Bg2 Qxg3 47. Qa1+ Kh6 48. Qa8 Qxc7 0-1

[Event "Barcelona Sant Marti op-A 15th"]
[Site "Barcelona"]
[Date "2013.07.19"]
[Round "7"]
[White "Carlsen, Ellen Oen"]
[Black "Maltsev, Leonid"]
[Result "0-1"]
[WhiteElo "1947"]
[BlackElo "1985"]
[PlyCount "42"]
[EventDate "2013.07.13"]
[EventType "swiss"]
[EventRounds "9"]
[EventCountry "ESP"]
[SourceTitle "CBM 155 Extra"]
[Source "ChessBase"]
[SourceDate "2013.08.26"]
[SourceVersion "1"]
[SourceVersionDate "2013.08.26"]
[SourceQuality "1"]

1. e4 c5 2. Nf3 e6 3. Nc3 Nc6 4. d3 d5 5. Bf4 Nf6 6. a4 a6 7. exd5 exd5 8. d4 Bg4 9. dxc5 d4 10. Nb1 Bxc5 11. Be2 0-0 12. 0-0 Qd7 13. Nbd2 Rfe8 14. Nb3 Ba7 15. h3 Bh5 16. g4 Nxg4 17. hxg4 Qxg4+ 18. Bg3 d3 19. cxd3 Qxg3+ 20. Kh1 Qh3+ 21. Kg1 Rxe2 0-1

[Event "Barcelona Sant Marti op-A 15th"]
[Site "Barcelona"]
[Date "2013.07.13"]
[Round "1"]
[White "Sorm, Daniel"]
[Black "Carlsen, Ellen Oen"]
[Result "1-0"]
[WhiteElo "2304"]
[BlackElo "1947"]
[PlyCount "59"]
[EventDate "2013.07.13"]
[EventType "swiss"]
[EventRounds "9"]
[EventCountry "ESP"]
[SourceTitle "CBM 155 Extra"]
[Source "ChessBase"]
[SourceDate "2013.08.26"]
[SourceVersion "1"]
[SourceVersionDate "2013.08.26"]
[SourceQuality "1"]

1. d4 Nf6 2. c4 g6 3. Nc3 d5 4. cxd5 Nxd5 5. e4 Nxc3 6. bxc3 Bg7 7. Bc4 0-0 8. Ne2 c5 9. 0-0 Nc6 10. Be3 cxd4 11. cxd4 b6 12. h4 h5 13. e5 Na5 14. Bd3 Bg4 15. f3 Be6 16. Be4 Rc8 17. d5 Bf5 18. Bxf5 gxf5 19. f4 e6 20. dxe6 Qxh4 21. e7 Qxe7 22. Nd4 Qh4 23. Nxf5 Qd8 24. Qxh5 Rc6 25. Nxg7 Kxg7 26. f5 Rg8 27. Rad1 Qc7 28. Rf3 Kf8 29. Bh6+ Ke8 30. e6 1-0

[Event "EU-chT (Women) 18th"]
[Site "Porto Carras"]
[Date "2011.11.09"]
[Round "7.3"]
[White "Stojanovic, Marija R"]
[Black "Carlsen, Ellen Oen"]
[Result "1/2-1/2"]
[WhiteElo "2095"]
[BlackElo "1931"]
[PlyCount "73"]
[EventDate "2011.11.03"]
[EventType "team-swiss"]
[EventRounds "9"]
[EventCountry "GRE"]
[SourceTitle "EXT 2012"]
[Source "ChessBase"]
[SourceDate "2011.11.24"]
[SourceVersion "1"]
[SourceVersionDate "2011.11.24"]
[SourceQuality "1"]
[WhiteTeam "Montenegro (W)"]
[BlackTeam "Norway (W)"]
[WhiteTeamCountry "MNE"]
[BlackTeamCountry "NOR"]

1. e4 c5 2. Nc3 Nc6 3. g3 g6 4. Bg2 d6 5. d3 Bg7 6. f4 e5 7. Nf3 Nge7 8. 0-0 a6 9. Nh4 exf4 10. Bxf4 0-0 11. Qd2 Nd4 12. Rae1 Qb6 13. Nd1 Ne6 14. Bh6 Nc6 15. Bxg7 Nxg7 16. c3 Be6 17. Ne3 Ne5 18. b3 a5 19. d4 cxd4 20. cxd4 Ng4 21. Nc4 Bxc4 22. bxc4 Nh5 23. Bh3 Ne5 24. c5 Nc4 25. Qc1 Qb4 26. cxd6 Nxd6 27. Qe3 Rae8 28. e5 Nc4 29. Qd3 Rd8 30. Nf3 b5 31. Rb1 Qa3 32. Qxa3 Nxa3 33. Rb3 b4 34. Rc1 Nb5 35. Rc5 Nxd4 36. Nxd4 Rxd4 37. Rxa5 1/2-1/2

[Event "EU-chT (Women) 08th"]
[Site "Novi Sad"]
[Date "2009.10.29"]
[Round "8"]
[White "Carlsen, Ellen Oen"]
[Black "Novkovic, Julia"]
[Result "0-1"]
[WhiteElo "1904"]
[BlackElo "2077"]
[PlyCount "78"]
[EventDate "2009.10.22"]
[EventType "team-swiss"]
[EventRounds "9"]
[EventCountry "YUG"]
[SourceTitle "EXT 2010"]
[Source "ChessBase"]
[SourceDate "2010.11.25"]
[SourceVersion "1"]
[SourceVersionDate "2010.11.25"]
[SourceQuality "1"]
[WhiteTeam "Norway (W)"]
[BlackTeam "Austria (W)"]
[WhiteTeamCountry "NOR"]
[BlackTeamCountry "AUT"]

1. e4 c5 2. Nf3 Nc6 3. d4 cxd4 4. Nxd4 Nf6 5. Nc3 d6 6. Bg5 e6 7. Qd2 a6 8. 0-0-0 Bd7 9. f4 Qc7 10. Kb1 Na5 11. Qe1 Nc6 12. Nf3 b5 13. a3 b4 14. axb4 Nxb4 15. Bxf6 gxf6 16. Bd3 Nxd3 17. Rxd3 Be7 18. f5 Rb8 19. fxe6 fxe6 20. Ne2 0-0 21. Nh4 Rb5 22. Rg3+ Rg5 23. Rxg5+ fxg5 24. Qg3 Qc5 25. Nf3 Qe3 26. Ned4 Rb8 27. h4 Qf4 28. Qe1 g4 29. Ng5 Qe5 30. c3 Rc8 31. Qe2 h6 32. Qxg4 hxg5 33. hxg5 Qxg5 34. Qe2 e5 35. Nf3 Qg6 36. Qd3 Bc6 37. Qc4+ Kg7 38. Qxa6 Bxe4+ 39. Kc1 Ra8 0-1

[Event "EU-chT (Women) 08th"]
[Site "Novi Sad"]
[Date "2009.10.28"]
[Round "7"]
[White "Sop, Selen"]
[Black "Carlsen, Ellen Oen"]
[Result "1-0"]
[WhiteElo "1930"]
[BlackElo "1904"]
[PlyCount "109"]
[EventDate "2009.10.22"]
[EventType "team-swiss"]
[EventRounds "9"]
[EventCountry "YUG"]
[SourceTitle "EXT 2010"]
[Source "ChessBase"]
[SourceDate "2010.11.25"]
[SourceVersion "1"]
[SourceVersionDate "2010.11.25"]
[SourceQuality "1"]
[WhiteTeam "Turkey (W)"]
[BlackTeam "Norway (W)"]
[WhiteTeamCountry "TUR"]
[BlackTeamCountry "NOR"]

1. c4 Nf6 2. Nf3 e6 3. g3 b6 4. Bg2 Bb7 5. 0-0 c5 6. Nc3 Be7 7. d4 cxd4 8. Qxd4 0-0 9. Bf4 Nc6 10. Qd2 d5 11. cxd5 exd5 12. Rfd1 Bb4 13. Bg5 Bxc3 14. Qxc3 Ne4 15. Qxc6 Bxc6 16. Bxd8 Raxd8 17. Rac1 Ba8 18. Rc7 Rc8 19. Rdc1 Nd6 20. Nd4 Nc4 21. Rxa7 Nxb2 22. Rcc7 h6 23. Nf5 Rxc7 24. Rxc7 Kh7 25. Nd6 Na4 26. Nxf7 Nc5 27. Nd6 Ne6 28. Rc8 g5 29. Rxf8 Nxf8 30. Nc8 Nd7 31. Bh3 Nf6 32. Nxb6 Bc6 33. Bf5+ Kg7 34. a4 Kf7 35. a5 Ne8 36. Bd7 Bxd7 37. Nxd7 Nc7 38. Kg2 Ke7 39. Nc5 Kd6 40. Nb3 Ke5 41. Kf3 h5 42. h3 Na6 43. Ke3 Ke6 44. Kd4 Kd6 45. f4 gxf4 46. gxf4 Nb4 47. e4 Nc6+ 48. Ke3 dxe4 49. Kxe4 Ke7 50. Kf5 Kf7 51. Kg5 Ke6 52. f5+ Kf7 53. a6 Kg7 54. Nc5 Kf7 55. Ne4 1-0

[Event "Knut Bockman Cup"]
[Site "Oslo"]
[Date "2009.04.12"]
[Round "9"]
[White "Carlsen, Ellen Oen"]
[Black "Ulvnes, Roar Nikolai"]
[Result "1/2-1/2"]
[WhiteElo "1896"]
[BlackElo "1991"]
[PlyCount "38"]
[EventDate "2009.04.06"]
[EventType "swiss"]
[EventRounds "9"]
[EventCountry "NOR"]
[SourceTitle "CBM 129 Extra"]
[Source "ChessBase"]
[SourceDate "2009.05.05"]
[SourceVersion "2"]
[SourceVersionDate "2009.05.20"]
[SourceQuality "1"]

1. e4 c5 2. Nf3 d6 3. d4 cxd4 4. Nxd4 Nf6 5. Nc3 g6 6. Be3 Bg7 7. f3 Nc6 8. Qd2 0-0 9. 0-0-0 d5 10. exd5 Nxd5 11. Nxc6 bxc6 12. Bd4 Nxc3 13. Qxc3 Bh6+ 14. Be3 Bxe3+ 15. Qxe3 Qb6 16. Qd4 Be6 17. Bc4 Bxc4 18. Qxc4 Rab8 19. Qc3 Rfd8 1/2-1/2

[Event "Gibraltar Challengers-B"]
[Site "Gibraltar"]
[Date "2009.02.03"]
[Round "3"]
[White "Goodfellow, Russell Robert"]
[Black "Carlsen, Ellen Oen"]
[Result "0-1"]
[WhiteElo "1688"]
[BlackElo "1894"]
[PlyCount "59"]
[EventDate "2009.02.01"]
[EventType "swiss"]
[EventRounds "5"]
[EventCountry "ENG"]
[SourceTitle "EXT 2012"]
[Source "ChessBase"]
[SourceDate "2011.11.24"]
[SourceVersion "1"]
[SourceVersionDate "2011.11.24"]
[SourceQuality "1"]

1. e4 c5 2. Nf3 Nc6 3. d4 cxd4 4. Nxd4 Nf6 5. Nc3 e5 6. Ndb5 d6 7. a4 a6 8. Na3 Be6 9. Bc4 Be7 10. Bd5 Rb8 11. b3 0-0 12. h3 Nb4 13. Be3 Nbxd5 14. exd5 Bd7 15. Qd3 Nh5 16. g4 Nf4 17. Bxf4 exf4 18. 0-0-0 Rc8 19. Ne2 b5 20. axb5 axb5 21. Nxb5 Qa5 22. Nbc3 Bf6 23. Ne4 Rxc2+ 24. Qxc2 Rc8 25. Nxf6+ gxf6 26. Qxc8+ Bxc8 27. Kb2 Ba6 28. Nc3 Qb6 29. Ne4 Bc4 30. Nd2 0-1

[Event "Gibraltar Challengers-B"]
[Site "Gibraltar"]
[Date "2009.02.02"]
[Round "2"]
[White "Carlsen, Ellen Oen"]
[Black "Hadrych, Craig"]
[Result "1-0"]
[WhiteElo "1894"]
[BlackElo "1600"]
[PlyCount "116"]
[EventDate "2009.02.01"]
[EventType "swiss"]
[EventRounds "5"]
[EventCountry "ENG"]
[SourceTitle "EXT 2012"]
[Source "ChessBase"]
[SourceDate "2011.11.24"]
[SourceVersion "1"]
[SourceVersionDate "2011.11.24"]
[SourceQuality "1"]

1. e4 e6 2. d4 d5 3. Nd2 Nf6 4. e5 Nfd7 5. Bd3 c5 6. c3 Nc6 7. Ngf3 cxd4 8. cxd4 Qb6 9. 0-0 Nxd4 10. Nxd4 Qxd4 11. Nf3 Qb6 12. Qa4 Be7 13. Qg4 Bf8 14. a3 Qd8 15. Bg5 Qb6 16. Rac1 h6 17. Be3 Qd8 18. Qa4 Be7 19. Rc3 0-0 20. Qg4 f5 21. Qg6 Nb6 22. Bxh6 Rf7 23. Ng5 Bxg5 24. Bxg5 Qe8 25. Bxf5 exf5 26. Rh3 Re7 27. Qh7+ Kf7 28. Bf6 Ke6 29. Bxe7 Kxe7 30. Qxg7+ Qf7 31. Qg5+ Kd7 32. Rh8 Qe7 33. Qxf5+ Kc6 34. Qc2+ Kb5 35. Rc1 Bd7 36. Qd3+ Ka5 37. b4+ Ka4 38. Rxa8 Nxa8 39. Qxd5 Bc6 40. Qd1+ Kb5 41. a4+ Kxb4 42. Qd4+ Ka5 43. Rc5+ Ka6 44. a5 Qd7 45. Qxd7 Bxd7 46. h4 b6 47. axb6 axb6 48. Rd5 Bc6 49. Rd8 b5 50. e6 Nc7 51. e7 b4 52. Rb8 Bb5 53. Rd8 b3 54. Rd2 Ka5 55. h5 Kb4 56. h6 Be8 57. h7 Kc3 58. Re2 b2 1-0

[Event "Gibraltar Masters 7th"]
[Site "Gibraltar"]
[Date "2009.01.30"]
[Round "4"]
[White "Peredy, Ferenc"]
[Black "Carlsen, Ellen Oen"]
[Result "1-0"]
[WhiteElo "2252"]
[BlackElo "1888"]
[PlyCount "107"]
[EventDate "2009.01.27"]
[EventType "swiss"]
[EventRounds "10"]
[EventCountry "ENG"]
[SourceTitle "CBM 128 Extra"]
[Source "ChessBase"]
[SourceDate "2009.03.05"]
[SourceVersion "2"]
[SourceVersionDate "2009.03.25"]
[SourceQuality "1"]

1. e4 c5 2. b3 Nc6 3. Bb2 e5 4. Bc4 d6 5. Nc3 Nge7 6. d3 Nd4 7. h3 Nec6 8. Nf3 g6 9. Nxd4 Nxd4 10. Nd5 b5 11. Bxd4 bxc4 12. Be3 cxb3 13. axb3 Be6 14. Ra6 Bg7 15. Qa1 Bxd5 16. Qa4+ Qd7 17. exd5 Qxa4 18. Rxa4 Kd7 19. Ke2 Rhc8 20. Rha1 Rc7 21. R1a2 f5 22. Ra6 Bf6 23. Bd2 Be7 24. R2a4 Rb7 25. Ba5 Rc8 26. Kd2 Bg5+ 27. Ke2 Be7 28. Bd2 Ra8 29. f4 Bf6 30. Bc3 Rc7 31. fxe5 Bxe5 32. Bxe5 dxe5 33. Re6 Re8 34. Raa6 Rxe6 35. Rxe6 Rb7 36. Ke3 Rc7 37. h4 Rb7 38. Rc6 Ke7 39. Rxc5 Kd6 40. Ra5 Rc7 41. c4 Rb7 42. Ra6+ Kd7 43. Ra3 Kd6 44. d4 a5 45. Kd3 e4+ 46. Ke3 Rb4 47. Kf4 a4 48. Rxa4 Rxb3 49. Ra6+ Kc7 50. c5 Rd3 51. d6+ Kd7 52. Ke5 e3 53. c6+ Kd8 54. Ra8# 1-0

[Event "Gibraltar Masters 7th"]
[Site "Gibraltar"]
[Date "2009.01.28"]
[Round "2"]
[White "Klinova, Masha"]
[Black "Carlsen, Ellen Oen"]
[Result "1-0"]
[WhiteElo "2328"]
[BlackElo "1888"]
[PlyCount "67"]
[EventDate "2009.01.27"]
[EventType "swiss"]
[EventRounds "10"]
[EventCountry "ENG"]
[SourceTitle "CBM 128 Extra"]
[Source "ChessBase"]
[SourceDate "2009.03.05"]
[SourceVersion "2"]
[SourceVersionDate "2009.03.25"]
[SourceQuality "1"]

1. e4 c5 2. Nf3 Nc6 3. Bb5 g6 4. 0-0 Bg7 5. Bxc6 dxc6 6. d3 e5 7. Nbd2 Qe7 8. a4 Bd7 9. a5 h5 10. Nc4 Bg4 11. Be3 Bxf3 12. Qxf3 Nf6 13. Bg5 Qe6 14. Qg3 Nxe4 15. dxe4 Qxc4 16. Qf3 0-0 17. c3 b6 18. Rfd1 f6 19. Be3 Rad8 20. h3 Qb3 21. Qe2 Qf7 22. Qa6 Qc7 23. b4 cxb4 24. axb6 axb6 25. Bxb6 Rxd1+ 26. Rxd1 Qf7 27. cxb4 Qb3 28. Rc1 Qxb4 29. Bc5 Qd2 30. Qc4+ Rf7 31. Ra1 Qd7 32. Ra7 Qe8 33. Qa2 Bf8 34. Ra8 1-0

[Event "Gibraltar Challengers1-B"]
[Site "Gibraltar"]
[Date "2009.01.27"]
[Round "1"]
[White "Carlsen, Ellen Oen"]
[Black "Coats, Jon R"]
[Result "1-0"]
[WhiteElo "1894"]
[BlackElo "1456"]
[PlyCount "67"]
[EventDate "2009.01.27"]
[EventType "swiss"]
[EventRounds "5"]
[EventCountry "ENG"]
[SourceTitle "EXT 2012"]
[Source "ChessBase"]
[SourceDate "2011.11.24"]
[SourceVersion "1"]
[SourceVersionDate "2011.11.24"]
[SourceQuality "1"]

1. e4 e6 2. d4 d5 3. Nd2 Nf6 4. e5 Nfd7 5. Bd3 c5 6. c3 Nc6 7. Ngf3 b6 8. 0-0 Be7 9. Re1 0-0 10. Nf1 cxd4 11. cxd4 Nb4 12. Bb1 Re8 13. a3 Nc6 14. Qc2 Nf8 15. Qxc6 Ba6 16. Ne3 Bc4 17. Qa4 b5 18. Qd1 b4 19. b3 Ba6 20. axb4 Qb6 21. Bd2 Rec8 22. Ng4 Nd7 23. Ng5 Bxg5 24. Bxg5 Bb5 25. Be7 a6 26. Nf6+ Nxf6 27. exf6 g6 28. Qd2 Kh8 29. Bxg6 fxg6 30. Qh6 Rg8 31. f7 Qxd4 32. f8Q Raxf8 33. Bxf8 Qf6 34. Bd6 1-0

[Event "Gjovik op"]
[Site "Gjovik"]
[Date "2009.01.05"]
[Round "7"]
[White "Haug, Marianne Wold"]
[Black "Carlsen, Ellen Oen"]
[Result "1-0"]
[WhiteElo "1940"]
[BlackElo "1888"]
[PlyCount "59"]
[EventDate "2008.12.29"]
[EventType "swiss"]
[EventRounds "9"]
[EventCountry "NOR"]
[SourceTitle "CBM 130 Extra"]
[Source "ChessBase"]
[SourceDate "2009.07.02"]
[SourceVersion "2"]
[SourceVersionDate "2009.07.15"]
[SourceQuality "1"]

1. e4 e5 2. Nf3 Nc6 3. Bb5 a6 4. Ba4 Nf6 5. 0-0 Be7 6. Re1 b5 7. Bb3 d6 8. c3 0-0 9. h3 Nb8 10. d4 Nbd7 11. Nbd2 Bb7 12. Bc2 Re8 13. Nf1 Bf8 14. Ng3 g6 15. a4 c5 16. b3 cxd4 17. cxd4 exd4 18. axb5 axb5 19. Rxa8 Qxa8 20. Qxd4 Qc8 21. Bd3 d5 22. e5 Bc5 23. Qf4 Ne4 24. Nxe4 dxe4 25. Bxe4 Bxe4 26. Qxe4 Bd6 27. Bb2 Qc5 28. Rc1 Qb4 29. Qd5 Qf4 30. Qxd6 1-0

[Event "Gjovik op"]
[Site "Gjovik"]
[Date "2009.01.01"]
[Round "4"]
[White "Carlsen, Ellen Oen"]
[Black "Gyldenas, Ole Jorn"]
[Result "1/2-1/2"]
[WhiteElo "1888"]
[BlackElo "2075"]
[PlyCount "42"]
[EventDate "2008.12.29"]
[EventType "swiss"]
[EventRounds "9"]
[EventCountry "NOR"]
[SourceTitle "CBM 130 Extra"]
[Source "ChessBase"]
[SourceDate "2009.07.02"]
[SourceVersion "2"]
[SourceVersionDate "2009.07.15"]
[SourceQuality "1"]

1. e4 e6 2. d4 d5 3. Nd2 c5 4. exd5 exd5 5. Ngf3 Nc6 6. c3 cxd4 7. Nxd4 Nxd4 8. cxd4 Nf6 9. g3 Qb6 10. Nb3 Bb4+ 11. Bd2 0-0 12. Be2 Bh3 13. f3 Rfe8 14. Kf2 h5 15. Re1 a5 16. Bxb4 Qxb4 17. Qd2 Qb6 18. Rac1 a4 19. Nc5 a3 20. b3 Bf5 21. Bd3 Bxd3 1/2-1/2

[Event "Gjovik op"]
[Site "Gjovik"]
[Date "2008.12.31"]
[Round "3"]
[White "Savchenko, Yuri2222"]
[Black "Carlsen, Ellen Oen"]
[Result "1-0"]
[WhiteElo "2094"]
[BlackElo "1888"]
[PlyCount "87"]
[EventDate "2008.12.29"]
[EventType "swiss"]
[EventRounds "9"]
[EventCountry "NOR"]
[SourceTitle "CBM 130 Extra"]
[Source "ChessBase"]
[SourceDate "2009.07.02"]
[SourceVersion "2"]
[SourceVersionDate "2009.07.15"]
[SourceQuality "1"]

1. Nf3 Nf6 2. g3 g6 3. Bg2 Bg7 4. d4 0-0 5. c4 c6 6. Nc3 d5 7. cxd5 Nxd5 8. Nxd5 cxd5 9. Bf4 Qa5+ 10. Qd2 Qxd2+ 11. Kxd2 Nc6 12. e3 f6 13. Bc7 Be6 14. h4 Bf7 15. Bh3 h6 16. Rac1 e5 17. Rc5 e4 18. Ng1 f5 19. Ne2 Rac8 20. Bf4 Nb4 21. Bd6 Rcd8 22. Bxf8 Bxf8 23. Rc7 Nd3 24. Rxb7 Nxf2 25. Rh2 Nd3 26. Nc3 a5 27. a3 Bd6 28. Rg2 Be6 29. Rb5 Bc7 30. Rg1 Nf2 31. Bf1 g5 32. Rc5 Bd6 33. Rxa5 Kf7 34. b4 f4 35. gxf4 gxf4 36. Ra7+ Kf6 37. Rag7 Bf7 38. R7g2 Nh3 39. Rh1 fxe3+ 40. Kxe3 Rc8 41. Nxe4+ dxe4 42. Rxh3 Rc3+ 43. Kxe4 Rc1 44. Rf3+ 1-0

[Event "WMSG Rapid Team 1st (Women)"]
[Site "Beijing"]
[Date "2008.10.16"]
[Round "9"]
[White "Ni, Viktorija"]
[Black "Carlsen, Ellen Oen"]
[Result "1-0"]
[WhiteElo "2168"]
[BlackElo "1888"]
[PlyCount "61"]
[EventDate "2008.10.14"]
[EventType "team (rapid)"]
[EventRounds "9"]
[EventCountry "CHN"]
[SourceTitle "CBM 126 Extra"]
[Source "ChessBase"]
[SourceDate "2008.11.05"]
[SourceVersion "1"]
[SourceVersionDate "2008.11.05"]
[SourceQuality "1"]

1. d4 Nf6 2. c4 g6 3. Nc3 d5 4. cxd5 Nxd5 5. e4 Nxc3 6. bxc3 Bg7 7. Bc4 0-0 8. Ne2 c5 9. 0-0 Nc6 10. Be3 Qc7 11. dxc5 Ne5 12. Bb3 Ng4 13. Bf4 Qxc5 14. h3 Ne5 15. Be3 Qc7 16. Bd4 b6 17. f4 Nc6 18. e5 Na5 19. Ng3 Ba6 20. Re1 Nc4 21. Qe2 Rac8 22. f5 Kh8 23. f6 Bh6 24. Qg4 Rfe8 25. Qh4 Bf8 26. e6 Kg8 27. Ne4 Red8 28. exf7+ Kxf7 29. Qxh7+ Ke8 30. fxe7 Bxe7 31. Nf6+ 1-0

[Event "WMSG Rapid Team 1st (Women)"]
[Site "Beijing"]
[Date "2008.10.14"]
[Round "1"]
[White "Maslikova, Veronika"]
[Black "Carlsen, Ellen Oen"]
[Result "1/2-1/2"]
[WhiteElo "2187"]
[BlackElo "1888"]
[PlyCount "96"]
[EventDate "2008.10.14"]
[EventType "team (rapid)"]
[EventRounds "9"]
[EventCountry "CHN"]
[SourceTitle "CBM 126 Extra"]
[Source "ChessBase"]
[SourceDate "2008.11.05"]
[SourceVersion "1"]
[SourceVersionDate "2008.11.05"]
[SourceQuality "1"]

1. e4 c5 2. Nf3 Nc6 3. d4 cxd4 4. Nxd4 Nf6 5. Nc3 e5 6. Ndb5 d6 7. Bg5 a6 8. Na3 b5 9. Nd5 Be7 10. Bxf6 Bxf6 11. c3 0-0 12. Nc2 Bg5 13. a4 bxa4 14. Rxa4 a5 15. Bc4 Kh8 16. Nce3 Ne7 17. 0-0 f5 18. Nxe7 Qxe7 19. Nd5 Qd8 20. exf5 Bxf5 21. Bd3 Bxd3 22. Qxd3 Ra7 23. b4 Raf7 24. Rxa5 Bh4 25. Ra2 Qb8 26. b5 Bd8 27. c4 Bb6 28. Nxb6 Qxb6 29. Qe2 Qc5 30. Rb2 Rf4 31. b6 Rxc4 32. b7 Rb8 33. h3 h6 34. Ra1 Rc1+ 35. Rxc1 Qxc1+ 36. Kh2 Qc6 37. Qd2 Rxb7 38. Rxb7 Qxb7 39. Qxd6 Qe4 40. Qd2 Qf4+ 41. Qxf4 exf4 42. h4 Kh7 43. Kh3 h5 44. Kh2 Kg6 45. Kh3 Kf5 46. Kh2 Ke5 47. Kh3 Kf5 48. g3 Ke5 1/2-1/2

[Event "WMSG Blitz Team 1st (Women)"]
[Site "Beijing"]
[Date "2008.10.13"]
[Round "10"]
[White "Carlsen, Ellen Oen"]
[Black "Garcia Garcia, Edith"]
[Result "1-0"]
[WhiteElo "1888"]
[BlackElo "2038"]
[PlyCount "75"]
[EventDate "2008.10.13"]
[EventType "team (blitz)"]
[EventRounds "11"]
[EventCountry "CHN"]
[SourceTitle "CBM 126 Extra"]
[Source "ChessBase"]
[SourceDate "2008.11.05"]
[SourceVersion "1"]
[SourceVersionDate "2008.11.05"]
[SourceQuality "1"]

1. e4 c5 2. Nf3 d6 3. d4 cxd4 4. Nxd4 Nf6 5. Nc3 a6 6. Be3 e6 7. Be2 Be7 8. a4 Nbd7 9. 0-0 0-0 10. f4 Qc7 11. Qd2 Nc5 12. Bf3 Rb8 13. a5 Bd7 14. Nb3 Bc6 15. Nxc5 dxc5 16. Qf2 Nxe4 17. Nxe4 Bd5 18. Nc3 Bxf3 19. Qxf3 Bf6 20. Qf2 Rbc8 21. Rfb1 Qc6 22. Na4 Rfd8 23. Bxc5 Rd5 24. Be3 Qxc2 25. Nb6 Qxf2+ 26. Bxf2 Rc6 27. Nxd5 exd5 28. Rd1 Bxb2 29. Rab1 Rc2 30. Bb6 g6 31. Rxd5 Kg7 32. Rd8 h5 33. Rd7 Bf6 34. Rxb7 Ra2 35. Rd1 g5 36. fxg5 Bxg5 37. Rdd7 Be3+ 38. Bxe3 1-0

[Event "WMSG Blitz Team 1st (Women)"]
[Site "Beijing"]
[Date "2008.10.13"]
[Round "11"]
[White "Van Nies, Pauline"]
[Black "Carlsen, Ellen Oen"]
[Result "1/2-1/2"]
[WhiteElo "2165"]
[BlackElo "1888"]
[PlyCount "86"]
[EventDate "2008.10.13"]
[EventType "team (blitz)"]
[EventRounds "11"]
[EventCountry "CHN"]
[SourceTitle "CBM 126 Extra"]
[Source "ChessBase"]
[SourceDate "2008.11.05"]
[SourceVersion "1"]
[SourceVersionDate "2008.11.05"]
[SourceQuality "1"]

1. e4 c5 2. Nf3 Nc6 3. Bb5 g6 4. 0-0 Bg7 5. Nc3 e6 6. Bxc6 bxc6 7. e5 d5 8. exd6 Qxd6 9. Ne4 Qe7 10. c3 Nf6 11. Qc2 0-0 12. d3 Nxe4 13. dxe4 Ba6 14. Rd1 Rfd8 15. Be3 c4 16. e5 Qc7 17. Bf4 Rd3 18. Rxd3 cxd3 19. Qd2 Qb7 20. Re1 Rb8 21. b4 c5 22. bxc5 Qc6 23. Bh6 Qxc5 24. Bxg7 Kxg7 25. Qf4 Qe7 26. Nd4 Rc8 27. Rc1 Bc4 28. a4 a5 29. h4 f6 30. exf6+ Qxf6 31. Qd6 Rd8 32. Qc7+ Kg8 33. Qxc4 Re8 34. Rd1 Qxh4 35. Qxd3 e5 36. Nc6 e4 37. Qd5+ Kh8 38. Ne5 Rf8 39. Nf7+ Kg7 40. Ne5 Qxf2+ 41. Kh1 Qh4+ 42. Kg1 Qf2+ 43. Kh1 Qh4+ 1/2-1/2